Cách thức giao tiếp của bác sĩ với bệnh nhân /
Gespeichert in:
| 1. Verfasser: | |
|---|---|
| Format: | Artikel |
| Sprache: | Vietnamese |
| Schlagworte: | |
| Tags: |
Tag hinzufügen
Keine Tags, Fügen Sie den ersten Tag hinzu!
|
| Thư viện lưu trữ: | Thư viện Trường Đại học Đà Lạt |
|---|
| LEADER | 00806nam a2200277 4500 | ||
|---|---|---|---|
| 001 | DLU180186729 | ||
| 005 | ##20180905 | ||
| 040 | # | # | |a DLU |b vie |
| 041 | # | # | |a vie |
| 044 | # | # | |a vn |
| 100 | # | # | |a Nguyễn Thị Dung. |
| 245 | # | # | |a Cách thức giao tiếp của bác sĩ với bệnh nhân / |c Nguyễn Thị Dung. |
| 653 | # | # | |a Đạo đức nghề nghiệp |
| 653 | # | # | |a Bác sĩ |
| 653 | # | # | |a Bệnh nhân |
| 653 | # | # | |a Giao tiếp |
| 653 | # | # | |a Khám chữa bệnh |
| 773 | # | # | |t Văn hoá Nghệ thuật |g Số 397, 2017, tr. 122-124 |
| 920 | # | # | |a Phòng Tạp chí -- Trung tâm Thông tin - Thư viện Trường Đại học Đà Lạt |
| 900 | # | # | |a True |
| 911 | # | # | |a Hoàng Thị Huyền |
| 925 | # | # | |a G |
| 926 | # | # | |a A |
| 927 | # | # | |a BB |
| 980 | # | # | |a Thư viện Trường Đại học Đà Lạt |